Quiz sulla storia della Bulgaria - Statistics

Statistiche generali
  • Questo quiz è stato fatto 21 volte
  • Il punteggio medio è 15 su 21
Statistiche sulle risposte
DOMANDA RISPOSTA % Corretto
Stessa cosa di sopra solo per la WW2 Germania/Italia/Romania
89%
Nel 429 a.C. i Traci invasero questo stato alla loro sinistra, omonimo dello stato odierno Macedonia
89%
La seconda etnia del paese proviene da questo stato confinante Turchia
89%
Nel V secolo questo popolo, governato da Attila, saccheggiò svariati villaggi bulgari Unni
89%
Religioni alla quale si convertirono i Bulgari nel IX secolo (in generale) Cristianesimo
84%
Altro stati che si scontrarono con la Bulgaria nelle cosiddette Guerre Balcaniche Grecia
84%
Nel 1396 l'Impero bulgaro fu annesso da quest'altro impero Ottomano
84%
Leggi sopra Romania
84%
Nazione balcanica che dichiarò guerra alla Bulgaria sul finire dell'800 Serbia
84%
Nome storico della Bulgaria chiamata così anche quando diventò provincia romana Tracia
84%
Nomina uno degli stati protagonisti durante la WW1 alleati della Bulgaria Germania/Austria/Impero Ottomano/Ungheria
79%
Ramo religioso maggiormente praticato Ortodosso
79%
Capitale dell'impero sotto il quale rimase la Bulgaria dopo la fine dell'Impero Romano d'Oriente Costantinopoli
74%
Numero di siti Unesco della Bulgaria 10
68%
Durante la Guerra del Peloponneso, i Traci strinsero un'alleanza con questa città Atene
68%
Ideologia politica bulgara dal 1945 al 1989 Comunismo
68%
Nome comune dell'imperatore bulgaro omonimo di quello russo Zar
58%
Imperatore sotto il quale, nel 46 d.C., la Bulgaria divenne provincia romana Claudio
42%
Stato che fece desistere la Bulgaria durante la WW2 URSS/Unione Sovietica
37%
Nei pressi di quest'odierna città bulgara, si sviluppò la prima civiltà con una sofisticata gerarchia sociale in Europa durante l'Età del Rame Varna
37%
Anno d'indipendenza bulgaro dopo quasi mezzo millennio 1878
21%
Nessun quiz corrispondente trovato
Distribuzione punteggi
Percentuale di utenti per punteggio
Percentile per numero di risposta
I tuoi punteggi nel tempo
Non hai fatto questo quiz